Схема индексации продуктивных песчаных пластов юры Западной Сибири на основе инверсионной модели циклогенеза; Известия Томского политехнического университета [Известия ТПУ]; Т. 322, № 1 : Науки о Земле

Bibliografiske detaljer
Parent link:Известия Томского политехнического университета [Известия ТПУ]/ Томский политехнический университет (ТПУ).— , 2000-
Т. 322, № 1 : Науки о Земле.— 2013.— [С. 96-99]
Hovedforfatter: Бейзель А. Л. Александр Леович
Summary:Заглавие с титульного листа
Электронная версия печатной публикации
Разработана новая схема индексации песчаных продуктивных пластов, основанная на раздельном подходе к континентальным и морским разрезам. В аллювиальных циклах песчаные пласты базальные, а в морских - кровельные, регрессивные. Они не могут быть синхронными друг другу. В предлагаемой схеме вместо единой серии индексов вида Ю[n] представлены две колонки индексов: морские пласты обозначены буквой "м", а континентальные - "к", например: Юм[1]{1} и Юк[1]{1}. Для пластов неопределенной фациальной принадлежности и для циклов в целом остается индекс вида Ю[1]{1}. Пласты типа Ю[2]{0} рассматриваются как непосредственное продолжение континентальных базальных пластов главной фазы активизации речного стока. Самый нижний пласт васюганского горизонта в морских фациях будет иметь индекс Юм[2]{0}, а синхронный ему континентальный - Юк[2]{0}.
Sprog:russisk
Udgivet: 2013
Serier:Геология нефти и газа
Fag:
Online adgang:http://earchive.tpu.ru/bitstream/11683/4631/1/bulletin_tpu-2013-322-1-14.pdf
Format: MixedMaterials Electronisk Book Chapter
KOHA link:https://koha.lib.tpu.ru/cgi-bin/koha/opac-detail.pl?biblionumber=233901

MARC

LEADER 00000nla2a2200000 4500
001 233901
005 20231031203646.0
035 |a (RuTPU)RU\TPU\book\254983 
035 |a RU\TPU\book\254981 
090 |a 233901 
100 |a 20130314d2013 k y0rusy50 ca 
101 0 |a rus 
102 |a RU 
135 |a drnn ---uucaa 
181 0 |a i  
182 0 |a b 
200 1 |a Схема индексации продуктивных песчаных пластов юры Западной Сибири на основе инверсионной модели циклогенеза  |b Электронный ресурс  |f А. Л. Бейзель 
203 |a Текст  |c электронный 
215 |a 1 файл (1.4 Мб) 
225 1 |a Геология нефти и газа 
230 |a Электронные текстовые данные (1 файл : 1.4 Мб) 
300 |a Заглавие с титульного листа 
300 |a Электронная версия печатной публикации 
320 |a [Библиогр.: с. 99 (14 назв.)] 
330 |a Разработана новая схема индексации песчаных продуктивных пластов, основанная на раздельном подходе к континентальным и морским разрезам. В аллювиальных циклах песчаные пласты базальные, а в морских - кровельные, регрессивные. Они не могут быть синхронными друг другу. В предлагаемой схеме вместо единой серии индексов вида Ю[n] представлены две колонки индексов: морские пласты обозначены буквой "м", а континентальные - "к", например: Юм[1]{1} и Юк[1]{1}. Для пластов неопределенной фациальной принадлежности и для циклов в целом остается индекс вида Ю[1]{1}. Пласты типа Ю[2]{0} рассматриваются как непосредственное продолжение континентальных базальных пластов главной фазы активизации речного стока. Самый нижний пласт васюганского горизонта в морских фациях будет иметь индекс Юм[2]{0}, а синхронный ему континентальный - Юк[2]{0}. 
337 |a Adobe Reader 
461 1 |0 (RuTPU)RU\TPU\book\176237  |t Известия Томского политехнического университета [Известия ТПУ]  |f Томский политехнический университет (ТПУ)  |d 2000- 
463 1 |0 (RuTPU)RU\TPU\book\254945  |x 1684-8519  |t Т. 322, № 1 : Науки о Земле  |v [С. 96-99]  |d 2013  |p 175 с. 
610 1 |a юра 
610 1 |a Западная Сибирь 
610 1 |a пласты 
610 1 |a индексация 
610 1 |a циклогенез 
610 1 |a инверсионные модели 
610 1 |a песчаные пласты 
610 1 |a электронный ресурс 
700 1 |a Бейзель  |b А. Л.  |g Александр Леович 
801 1 |a RU  |b 63413507  |c 20090623  |g PSBO 
801 2 |a RU  |b 63413507  |c 20220126  |g PSBO 
856 4 |u http://earchive.tpu.ru/bitstream/11683/4631/1/bulletin_tpu-2013-322-1-14.pdf 
942 |c CF